Statistics for Premier League Winning C Players

Click here to take the quiz!

General Stats

  • This quiz has been taken 18 times
  • The average score is 11 of 15

Answer Stats

Answer% Correct
Joe Cole
100%
Peter Cech
100%
Ashley Cole
100%
Gary Cahill
94%
Eric Cantona
94%
Sol Campbell
89%
Michael Carrick
83%
Thibaut Courtois
83%
Diego Costa
61%
Gael Clichy
56%
Ricardo Carvalho
56%
Tom Cleverley
50%
Juan Cuadrado
44%
Roy Carroll
33%
Nathaniel Chalobah
11%

Score Distribution

Percentile by Number Answered

Percent of People with Each Score

Your Score History

You have not taken this quiz